Trouve le film - Ghibli - Statistiques

Statistiques générales
  • Ce quiz a été pris 404 fois
  • Le résultat moyen est 9 sur 11
Statistiques - réponses
Par images Réponse % Correct
Mon voisin Totoro
95%
Le Château ambulant
94%
Kiki la petite sorcière
92%
Le Château dans le ciel
88%
Princesse Mononoké
88%
Ponyo sur la falaise
87%
Le vent se lève
83%
Pompoko
81%
Le Voyage de Chihiro
80%
La Colline aux coquelicots
67%
Arietty
52%
Aucun quiz correspondant
Distribution des résultats
% des personnes avec chaque résultat
Percentile par nombre de réponses
Votre historique - résultats
Vous n’avez pas pris ce quiz